The Changing Pakistan Society. (Record no. 344483)
[ view plain ]
| 000 -LEADER | |
|---|---|
| fixed length control field | 00333 a2200133 4500 |
| 003 - CONTROL NUMBER IDENTIFIER | |
| control field | OSt |
| 005 - DATE AND TIME OF LATEST TRANSACTION | |
| control field | 20180116182714.0 |
| 008 - FIXED-LENGTH DATA ELEMENTS--GENERAL INFORMATION | |
| fixed length control field | 160816b xxu||||| |||| 00| 0 eng d |
| 040 ## - CATALOGING SOURCE | |
| Transcribing agency | 0 |
| 100 ## - MAIN ENTRY--PERSONAL NAME | |
| Personal name | Babeeha Hafeez |
| 245 ## - TITLE STATEMENT | |
| Title | The Changing Pakistan Society. |
| 260 ## - PUBLICATION, DISTRIBUTION, ETC. | |
| Place of publication, distribution, etc. | Royal Book Company |
| Date of publication, distribution, etc. | 1991 |
| 942 ## - ADDED ENTRY ELEMENTS (KOHA) | |
| Institution code [OBSOLETE] | NBS |
| Koha item type | Book |
| Call number prefix | 954.91 SAB |
| Source of classification or shelving scheme | |
| Withdrawn status | Lost status | Damaged status | Not for loan | Permanent Location | Current Location | Date acquired | Total Checkouts | Full call number | Barcode | Date last seen | Date last checked out | Price effective from | Koha item type | Public note |
|---|---|---|---|---|---|---|---|---|---|---|---|---|---|---|
| Write Off | Central Library (CL) | Central Library (CL) | 08/28/2013 | 1 | 954.91 SAB | NBS2206 | 11/23/2017 | 08/28/2017 | 08/28/2013 | Book | No. 0908/NBS/IRC Dated: 12 June, 2012 | |||
| Central Library (CL) | Central Library (CL) | 08/28/2013 | 1 | 954.91 SAB | NBS2207 | 11/23/2017 | 08/28/2017 | 08/28/2013 | Book |
